Soil microbiology, ecology and biochemistry

Other Authors: Paul, Eldor Alvin
Edition: Third edition.
Subjects:
Online Access: http://library.unisel.edu.my/web/guest/mylibrary
LEADER 00904cam a2200241 7i4500
001 0000055650
005 20260309090000.0
020 |a 9780125468077 (electronic book)  
090 0 0 |a QR111   |b .S68 2007 
245 0 0 |a Soil microbiology, ecology and biochemistry   |c editor, Eldor A. Paul. 
250 |a Third edition. 
300 |a 1 online resource (514 pages):   |b illustrations, text file, PDF. 
336 |a text  |2 rdacontent 
337 |a unmediated  |2 rdamedia 
338 |a online resource  |2 rdacarrier 
650 0 |a Soil biochemistry  
650 0 |a Soil microbiology  
655 0 |a Electronic books 
700 1 |a Paul, Eldor Alvin  
856 4 2 |u http://library.unisel.edu.my/web/guest/mylibrary 
997 |a Engineering & Life Sciences, Faculty  |b Science & Biotechnology, Department 
998 |a Environmental Science (Biodiversity & Conservation), Degree 
999 |a EBO0001835  |b EBOOK  |c EBOOK  |e Electronic resources